The magistrates' Courts Act / (Record no. 24)

MARC details
000 -LEADER
fixed length control field 00603nam a22001817a 4500
005 - DATE AND TIME OF INPUT
control field 20231024131128.0
008 - DATA ELEMENTS--GENERAL INFORMATION
fixed length control field 231024b |||||||| |||| 00| 0 eng d
020 ## - INTERNATIONAL STANDARD BOOK NUMBER
International Standard Book Number 0702111465
041 ## - LANGUAGE CODE
Language code of text English / Afrikaans
082 ## - SHELF NUMBER
DDC number 347.1 BAK
100 ## - MAIN AUTHOR
Main author's name Baker PWE, Erasmus HJ and Farlam IG
Language of a work English/Afrikaans
245 ## - TITLE STATEMENT
Title The magistrates' Courts Act /
Statement of responsibility, etc. PWE Baker, Erasmus HJ and Farlam IG
250 ## - EDITION STATEMENT
Edition statement Fifth Edition
260 ## - PUBLICATION, DISTRIBUTION, ETC.
Place of publication, distribution, etc. Cape Town :
Name of publisher, distributor, etc. Juta & Company, Limited,
Date of publication, distribution, etc. 1980
300 ## - PHYSICAL DESCRIPTION
Other physical details xvii, 319 pages ;
Dimensions 25.5 cm.
650 ## - SUBJECT`
Broad subject Legal Practice
Own subject terms Law
942 ## - ADDED ENTRY ELEMENTS (KOHA)
Item type Books
942 ## - ADDED ENTRY ELEMENTS (KOHA)
-- ALISON_B_N__VRIES
Holdings
Source of classification or shelving scheme Not for loan Collection code Home library Current library Shelving location Date acquired Full call number Barcode Price effective from Koha item type
Dewey Decimal Classification   TEXT BOOKS LAW SOCIETY OF NAMIBIA LIBRARY - WINDHOEK LAW SOCIETY OF NAMIBIA LIBRARY - WINDHOEK Civil Procedure and Court 10/24/2023 347.1 BAK LSN/1987/268 10/24/2023 Books